00729cam a2200157 a 450000100100000000500170001000800410002702000150006804000250008308200150010824502370012326000550036030000260041595201130044199900170055400001303620200929163127.0000921s1998 ck rl 000 0 spa  a9588017408 aDO-SdBNPbspacBNPHU axxxxbxxxx00aNuevo regimen de carrera administrativa :bnombramientos, concursos, evaluacion de desempeno y retiro de servicio : nivel nacional, distrital, departamental y municipal : Ley 443 de 1998 ... : comentarios, doctrina y jurisprudencia. aColombia :b3R Editores :bTemas Juridicos,c1998. axiv, 268 p. ;c18 cm. 001050718MOaGRbGRcHDd2009-11-19iLF1l0oxxxx xxxxp13036-10r2020-06-25w2020-06-25y1ZNo se presta c12680d12680